New post to tackle water pollution (Record no. 69336)

MARC details
000 -LEADER
fixed length control field 00879cam a2200205 4500
001 - CONTROL NUMBER
control field WB3803-25
008 - FIXED-LENGTH DATA ELEMENTS--GENERAL INFORMATION
fixed length control field 020123n2002 000 0 eng u
035 ## - SYSTEM CONTROL NUMBER
System control number (Sirsi) u116410
245 ## - TITLE STATEMENT
Title New post to tackle water pollution
260 ## - PUBLICATION, DISTRIBUTION, ETC.
Date of publication, distribution, etc. 2002
490 ## - SERIES STATEMENT
Series statement Scottish Executive Press Release
Volume/sequential designation SE5189 21 January 2002, (2)
520 ## - SUMMARY, ETC.
Summary, etc. Farmers will be helped to reduce the risk of pollution to water from farming activities by a new post based at the Scottish Agricultural College. Post created through a partnership of the major stakeholders in Scottish Agiculture. For details of Forward Strategy for Scotland go to http://www.scotland.gov.uk/library3/agri/fssa-00.asp
590 ## - LOCAL NOTE (RLIN)
Local note WB
650 ## - SUBJECT ADDED ENTRY--TOPICAL TERM
Topical term or geographic name entry element SCOTTISH AGRICULTURAL COLLEGE
650 ## - SUBJECT ADDED ENTRY--TOPICAL TERM
Topical term or geographic name entry element WATER POLLUTION
650 ## - SUBJECT ADDED ENTRY--TOPICAL TERM
Topical term or geographic name entry element SCOTLAND
650 ## - SUBJECT ADDED ENTRY--TOPICAL TERM
Topical term or geographic name entry element STAKEHOLDERS
690 ## - LOCAL SUBJECT ADDED ENTRY--TOPICAL TERM (OCLC, RLIN)
Topical term or geographic name as entry element RURAL-AGRICULTURE AND FORESTRY
942 ## - ADDED ENTRY ELEMENTS (KOHA)
Suppress in OPAC 0
Holdings
Withdrawn status Lost status Source of classification or shelving scheme Damaged status Not for loan Home library Current library Shelving location Date acquired Total Checkouts Full call number Barcode Date last seen Copy number Price effective from Koha item type
    Dewey Decimal Classification     London London News article 23/01/2002   WB3803-25 116410-1001 06/08/2019 1 06/08/2019 News article